000 00201 a2200097 4500
001 20101
100 _aShah S G M
245 _aLegacy of Britain
260 _a
_bPak Pub Ltd
_c
090 _c14695
_d14695
942 _aNUST-CAE
_cM
_c5219
999 _c255174
_d255174